000 00544nam a22001697a 4500
003 PILC
005 20150605103348.0
008 150605b xxu||||| |||| 00| 0 eng d
050 _aT 1
_b.C828 2009
100 _aCorteza, Julius C.
245 _aComputerized enrollment system for danhill academy /
_cJulius C. Corteza.
260 _aLas PiƱas City :
_bSISC,
_c2009.
300 _av, 44 pages :
_billustrations ;
_c28 cm.
500 _aIncludes bibliographical references and indexes.
650 _aManagement system.
942 _2lcc
_cTH
_kLOC
999 _c284748
_d284748